Welcome to the Holygrace Academy Library

Please use search bar below to get started

GREAT WORKS OF THOMAS HARDY (Record no. 3599)

MARC details
000 -LEADER
fixed length control field 00288nam a22001337a 4500
020 ## - INTERNATIONAL STANDARD BOOK NUMBER
ISBN 81-88697-06-0
082 ## - DEWEY DECIMAL CLASSIFICATION NUMBER
Classification number 823
Item number HAR/G
100 ## - MAIN ENTRY--AUTHOR NAME
Personal name HARDY,THOMAS
245 ## - TITLE STATEMENT
Title GREAT WORKS OF THOMAS HARDY
260 ## - PUBLICATION, DISTRIBUTION, ETC. (IMPRINT)
Place of publication DELHI
Name of publisher BLACK ROSE
300 ## - PHYSICAL DESCRIPTION
Number of Pages 672
650 ## - SUBJECT ADDED ENTRY--TOPICAL TERM
Topical Term NOVELS
Geographic subdivision DELHI
942 ## - ADDED ENTRY ELEMENTS (KOHA)
Koha item type Books
Holdings
Withdrawn status Lost status Collection code Home library Current library Shelving location Date acquired Source of acquisition Full call number Accession Number Koha item type
    Fiction Main Library Main Library SHELF 16-A- ENGLISH LITERATURE COLLECTION OF WORKS 24/05/2004 PURCHASE 823 HAR/G 00202 Books